Weisse Wannen,einfach und sicher : Konstruktion u. Ausführung von Kellern u. Becken aus Beton ohne besondere Dichtungsschicht /

Enregistré dans:
Détails bibliographiques
Auteur principal: Lohmeyer, Gottfried (Auteur)
Format: Livre
Langue:allemand
Publié: Düsseldorf : Beton Verlag, 1991
Édition:2.preprac.vyd.
Tags: Ajouter un tag
Pas de tags, Soyez le premier à ajouter un tag!

MARC

LEADER 00000nam a22000003a 4500
001 stu27483
005 20150617225740.2
008 940413s1991----gw------------------ger-d
020 |a 3-7640-0286-7 
040 |a STU  |b slo 
041 0 |a ger 
044 |a gw 
080 |a 624.953 
100 1 |a Lohmeyer, Gottfried  |4 aut 
245 1 |a Weisse Wannen,einfach und sicher :  |b Konstruktion u. Ausführung von Kellern u. Becken aus Beton ohne besondere Dichtungsschicht /  |c [aut]Lohmeyer,Gottfried 
250 |a 2.preprac.vyd. 
260 |a Düsseldorf :  |b Beton Verlag,  |c 1991 
300 |a 239 s 
996 |c V*42445/O-18138  |l VV1  |s P  |a 0  |w stu27483_0001